Slovenské podniky za päť rokov získali zahraničný kapitál vo výške 16,5 mld Sk

Päť štátov prinieslo štyri pätiny celkového objemu. Stredoeurópske štáty si pri získavaní investícií konkurujú. Príklad Španielska: podnik možno založiť v jednom okienku úradu.

Salvato in:
Dettagli Bibliografici
Autore principale: Balážová, Jana
Altri autori: Valent, S.
Natura: Capitolo di libro
Lingua:slovacco
Soggetti:
Tags: Aggiungi Tag
Nessun Tag, puoi essere il primo ad aggiungerne!!

MARC

LEADER 00000naa a2200000 4500
001 r019137
005 20230221103820.2
041 0 |a slo 
044 |a SK 
245 1 0 |a Slovenské podniky za päť rokov získali zahraničný kapitál vo výške 16,5 mld Sk  |c Jana Balážová, S. Valent 
520 |a Päť štátov prinieslo štyri pätiny celkového objemu. Stredoeurópske štáty si pri získavaní investícií konkurujú. Príklad Španielska: podnik možno založiť v jednom okienku úradu. 
610 2 0 |a kapitál zahraničný 
610 2 0 |a investície zahraničné 
610 2 0 |a investície zo zahraničia 
610 2 0 |a Slovensko 
610 2 0 |a stredná Európa 
100 1 |a Balážová, Jana 
700 1 |a Valent, S.